বিষ্ণু দে : (Record no. 48407)
[ view plain ]
| 000 -LEADER | |
|---|---|
| fixed length control field | 01185nam a2200253 a 4500 |
| 001 - CONTROL NUMBER | |
| control field | 48407 |
| 003 - CONTROL NUMBER IDENTIFIER | |
| rucl marc code | BD-RjUL |
| 005 - DATE AND TIME OF LATEST TRANSACTION | |
| control field | 20211209054523.0 |
| 008 - FIXED-LENGTH DATA ELEMENTS--GENERAL INFORMATION | |
| fixed length control field | 160814s1994 ii ||||| |||| 00| 0 ben d |
| 020 ## - INTERNATIONAL STANDARD BOOK NUMBER | |
| International Standard Book Number | 818547124X |
| Terms of availability | : Tk. 50.00 |
| 035 ## - SYSTEM CONTROL NUMBER | |
| System control number | (BD-RjUL)48526 |
| 040 ## - CATALOGING SOURCE | |
| Original cataloging agency | BD-RjUL |
| Language of cataloging | ben |
| Transcribing agency | BD-RjUL |
| 041 ## - LANGUAGE CODE | |
| Language code of text/sound track or separate title | ben |
| 082 ## - DEWEY DECIMAL CLASSIFICATION NUMBER | |
| Edition number | 23 |
| Classification number | 891.44109 |
| Author mark and year | SAB 1994 |
| 100 1# - MAIN ENTRY--PERSONAL NAME | |
| Personal name | বন্দ্যোপাধ্যায়, সরোজ |
| 9 (RLIN) | 118893 |
| 245 10 - TITLE STATEMENT | |
| Title | বিষ্ণু দে : |
| Remainder of title | কালে, কালোত্তরে / |
| Statement of responsibility, etc. | সরোজ বন্দ্যোপাধ্যায় ও পার্থপ্রতিম বন্দ্যোপাধ্যায় |
| 250 ## - EDITION STATEMENT | |
| Edition statement | ১ম পুস্তক বিপণি সং. |
| 260 ## - PUBLICATION, DISTRIBUTION, ETC. (IMPRINT) | |
| Place of publication, distribution, etc. | কলিকাতা : |
| Name of publisher, distributor, etc. | পুস্তক বিপণি, |
| Date of publication, distribution, etc. | ১৯৯৪ |
| 300 ## - PHYSICAL DESCRIPTION | |
| Pagination | [৮], ১৬৮ পৃ. ; |
| Size | ২২ সেমি. |
| 650 ## - SUBJECT ADDED ENTRY--TOPICAL TERM | |
| Topical term or geographic name as entry element | বাংলা কবিতা |
| Form subdivision | ইতিহাস ও সমালচনা |
| 9 (RLIN) | 146455 |
| Topical term or geographic name as entry element | Bengali poetry |
| Form subdivision | History and Criticism |
| 9 (RLIN) | 117725 |
| 700 ## - ADDED ENTRY--PERSONAL NAME | |
| Personal name | বন্দ্যোপাধ্যায়, পার্থপ্রতিম |
| 942 ## - ADDED ENTRY ELEMENTS (KOHA) | |
| Source of classification or shelving scheme | Dewey Decimal Classification |
| Koha item type | Books |
| Lost status | Source of classification or shelving scheme | Damaged status | Not for loan | Collection code | Permanent Location | Current Location | Shelving location | Date acquired | Source of acquisition | Cost, normal purchase price | Total Checkouts | Full call number | Date last seen | Date checked out | Copy number | Koha item type |
|---|---|---|---|---|---|---|---|---|---|---|---|---|---|---|---|---|
| Dewey Decimal Classification | Non-fiction | Central Library, University of Rajshahi | Central Library, University of Rajshahi | 24/05/2007 | Paragon Enterprise Lit., Dhaka | 50.00 | 6 | B 891.44109 SAB 1994 | 28/05/2025 | 13/05/2025 | C-2 | Books | ||||
| Dewey Decimal Classification | Non-fiction | Central Library, University of Rajshahi | Central Library, University of Rajshahi | 24/05/2007 | Paragon Enterprise Lit., Dhaka | 50.00 | 7 | B 891.44109 SAB 1994 | 20/04/2026 | 07/04/2026 | C-3 | Books |